000 00635nam a2200229Ia 4500
003 OSt
005 20220918175842.0
006 a|||||r|||| 00| 0
007 ta
008 220917b |||||||| |||| 00| 0 eng d
024 _a19,221
037 _cTextual
040 _aARTS
_cARTS
_beng
041 _2eng
_aeng
082 _aR5z7, K2
100 _aMargolis Joseph
_919042
245 0 _aPhilosophy looks at the arts
_b Contemporary readings in aesthetics
260 _aNew York
_bCharles Scribner's Sons
_c1962
650 _aAESTHETICS
942 _hR5z7, K2
_cTEXL
_2CC
999 _c159217
_d159217